Đạo đức 1
Môn đạo đức ở trường tiểu học nhằm giúp học sinh: có hiểu biết ban đầu về một số chuẩn mực hành vi đạo đức, từng bước hình thành kỹ năng nhận xét, đánh giá hành vi của bản thân và những người xung quanh. Sách giúp giáo viên xác định...
Na minha lista:
| Autor principal: | |
|---|---|
| Formato: | Livro |
| Idioma: | Undetermined |
| Publicado em: |
Hà Nội
Giáo dục
2009
|
| Assuntos: | |
| Tags: |
Adicionar Tag
Sem tags, seja o primeiro a adicionar uma tag!
|
| Thư viện lưu trữ: | Trung tâm Học liệu Trường Đại học Cần Thơ |
|---|
| LEADER | 01030nam a2200217Ia 4500 | ||
|---|---|---|---|
| 001 | CTU_158911 | ||
| 008 | 210402s9999 xx 000 0 und d | ||
| 020 | |c 4600 | ||
| 082 | |a 372.83 | ||
| 082 | |b Th523/L.1 | ||
| 100 | |a Lưu, Thu Thủy | ||
| 245 | 0 | |a Đạo đức 1 | |
| 245 | 0 | |c Lưu Thu Thủy (Chủ biên) | |
| 260 | |a Hà Nội | ||
| 260 | |b Giáo dục | ||
| 260 | |c 2009 | ||
| 520 | |a Môn đạo đức ở trường tiểu học nhằm giúp học sinh: có hiểu biết ban đầu về một số chuẩn mực hành vi đạo đức, từng bước hình thành kỹ năng nhận xét, đánh giá hành vi của bản thân và những người xung quanh. Sách giúp giáo viên xác định phương pháp giảng dạy và soạn giáo án môn Đạo đức Lớp 1. | ||
| 650 | |a Ethics | ||
| 650 | |x Study and teaching (Elementary) | ||
| 904 | |i Bạch Trúc | ||
| 980 | |a Trung tâm Học liệu Trường Đại học Cần Thơ | ||